[Event "AUT-chT2W 1819"]
[Site "Austria"]
[Date "2018.12.08"]
[Round "4.4"]
[White "Wuppinger, Manfred"]
[Black "Hoellrigl, Wilfried"]
[Result "0-1"]
[WhiteElo "2036"]
[BlackElo "2170"]
[PlyCount "120"]
[EventDate "2018.10.12"]
[EventType "team-tourn"]
[EventRounds "11"]
[EventCountry "AUT"]
[SourceTitle "CBM 189 Extra"]
[Source "ChessBase"]
[SourceDate "2019.06.03"]
[SourceVersion "1"]
[SourceVersionDate "2019.06.03"]
[SourceQuality "1"]
[WhiteTeam "Neumarkt"]
[BlackTeam "Jenbach II"]
[WhiteTeamCountry "AUT"]
[BlackTeamCountry "AUT"]

1. e4 c5 2. c3 Nf6 3. e5 Nd5 4. d4 cxd4 5. Qxd4 e6 6. Nf3 Nc6 7. Qe4 d6 8. Bb5 Bd7 9. c4 Nc7 10. Bg5 d5 11. Bxd8 dxe4 12. Bxc7 exf3 13. Nc3 Rc8 14. Bd6 Bxd6 15. exd6 Nd4 16. 0-0 a6 17. Rfd1 Ne2+ 18. Nxe2 fxe2 19. Bxd7+ Kxd7 20. Rd4 Rc6 21. f3 Rhc8 22. Re1 Rxc4 23. Rxc4 Rxc4 24. Rxe2 Kxd6 25. Kf2 e5 26. Ke3 f5 27. Rd2+ Ke6 28. b3 Rc3+ 29. Ke2 g5 30. h3 h5 31. Kf2 f4 32. Ke2 Kf5 33. Rd8 Rc2+ 34. Kd3 Rxg2 35. Rf8+ Ke6 36. Re8+ Kf6 37. Rf8+ Ke7 38. Rh8 Rxa2 39. Rxh5 Kf6 40. Rh6+ Kf5 41. Rh8 Rb2 42. Rf8+ Ke6 43. Re8+ Kf6 44. Rf8+ Ke7 45. Rg8 Kf7 46. Rh8 Rxb3+ 47. Ke4 Re3+ 48. Kf5 e4 49. Rh7+ Ke8 50. Rxb7 exf3 51. Rb1 f2 52. Rf1 Re2 53. Kxg5 a5 54. h4 Kf7 55. h5 a4 56. h6 a3 57. Rc1 Re5+ 58. Kxf4 Re1 59. Rc7+ Kg6 60. Rc6+ Kh7 0-1

[Event "AUT-chT2W 1718"]
[Site "Austria"]
[Date "2018.03.09"]
[Round "9.5"]
[White "Mira, Helene"]
[Black "Wuppinger, Manfred"]
[Result "1-0"]
[WhiteElo "2064"]
[BlackElo "2066"]
[PlyCount "69"]
[EventDate "2017.10.13"]
[EventType "team-tourn"]
[EventRounds "11"]
[EventCountry "AUT"]
[SourceTitle "EXT 2019"]
[Source "ChessBase"]
[SourceDate "2018.10.10"]
[SourceVersion "1"]
[SourceVersionDate "2018.10.10"]
[SourceQuality "1"]
[WhiteTeam "Bregenz"]
[BlackTeam "Neumarkt"]
[WhiteTeamCountry "AUT"]
[BlackTeamCountry "AUT"]

1. Nf3 Nf6 2. c4 c5 3. d4 cxd4 4. Nxd4 g6 5. Nc3 Bg7 6. e4 d6 7. Be2 0-0 8. 0-0 Bd7 9. Be3 Nc6 10. Nc2 Ne8 11. Qd2 Nc7 12. Bh6 Ne6 13. Bxg7 Kxg7 14. Nd5 Nc5 15. f3 Be6 16. Rfd1 Bxd5 17. exd5 Ne5 18. b4 Na6 19. c5 Nc7 20. Qd4 Kg8 21. f4 Nd7 22. f5 Nf6 23. Ne3 a5 24. fxg6 hxg6 25. b5 dxc5 26. Qxc5 Nce8 27. Nc4 Ne4 28. Qd4 N8d6 29. Ne5 Nf6 30. Bd3 Nd7 31. Kh1 Nxe5 32. Qxe5 Qd7 33. Re1 Nxb5 34. Re3 Qd6 35. Bxb5 1-0

[Event "AUT-chT2W 1718"]
[Site "Austria"]
[Date "2017.10.15"]
[Round "3.4"]
[White "Wuppinger, Manfred"]
[Black "Juergens, Klaus"]
[Result "1/2-1/2"]
[WhiteElo "2066"]
[BlackElo "2102"]
[PlyCount "59"]
[EventDate "2017.10.13"]
[EventType "team-tourn"]
[EventRounds "11"]
[EventCountry "AUT"]
[SourceTitle "CBM 181 Extra"]
[Source "ChessBase"]
[SourceDate "2017.12.12"]
[SourceVersion "1"]
[SourceVersionDate "2017.12.12"]
[SourceQuality "1"]
[WhiteTeam "Neumarkt"]
[BlackTeam "Salzburg ASK"]
[WhiteTeamCountry "AUT"]
[BlackTeamCountry "AUT"]

1. e4 c5 2. c3 Nf6 3. e5 Nd5 4. d4 cxd4 5. Qxd4 e6 6. Nf3 Nc6 7. Qe4 d6 8. Bb5 Bd7 9. exd6 Bxd6 10. Qg4 Qf6 11. Nbd2 h5 12. Qe4 Bf4 13. Nc4 Bxc1 14. Rxc1 Qf4 15. Qxf4 Nxf4 16. Ne3 a6 17. Bf1 0-0-0 18. g3 Nd5 19. Nc4 Kc7 20. Nce5 Nxe5 21. Nxe5 Be8 22. Bh3 f6 23. Nf3 e5 24. 0-0 Bc6 25. Bg2 g5 26. h4 g4 27. Ne1 f5 28. Nc2 f4 29. Rfe1 Rhe8 30. Be4 1/2-1/2

[Event "AUT-chT2W 1415"]
[Site "Austria"]
[Date "2014.10.12"]
[Round "3.5"]
[White "Wuppinger, Manfred"]
[Black "Mikulic, Oliver"]
[Result "1/2-1/2"]
[WhiteElo "2082"]
[BlackElo "2144"]
[PlyCount "89"]
[EventDate "2014.10.10"]
[EventType "team-tourn"]
[EventRounds "11"]
[EventCountry "AUT"]
[SourceTitle "EXT 2015"]
[Source "ChessBase"]
[SourceDate "2014.11.20"]
[SourceVersion "1"]
[SourceVersionDate "2014.11.20"]
[SourceQuality "1"]
[WhiteTeam "Neumarkt"]
[BlackTeam "Schwarzach"]
[WhiteTeamCountry "AUT"]
[BlackTeamCountry "AUT"]

1. e4 e6 2. d4 d5 3. exd5 exd5 4. Nc3 Nf6 5. Bd3 Bd6 6. Bg5 Be6 7. Qf3 Nc6 8. Bxf6 Qxf6 9. Qxf6 gxf6 10. Nge2 Nb4 11. 0-0-0 Rg8 12. g3 Nxd3+ 13. Rxd3 c6 14. Rf3 Bg4 15. Re3+ Kd7 16. Re1 Rae8 17. Kd2 h5 18. Ng1 Re6 19. Nd1 h4 20. c3 f5 21. f4 Reg6 22. Nf2 Bh5 23. Nd3 hxg3 24. h3 g2 25. Ne5+ Kc7 26. Nxg6 fxg6 27. Re5 Bxe5 28. Rxe5 Kd6 29. Re3 b5 30. Rg3 Re8 31. Rxg2 Re4 32. Rf2 b4 33. a3 a5 34. axb4 axb4 35. Kc2 c5 36. dxc5+ Kxc5 37. Kd3 b3 38. h4 Bg4 39. Rf1 Ra4 40. Ne2 Bxe2+ 41. Kxe2 Ra2 42. Rb1 Kc4 43. Ke3 Ra8 44. Rg1 Re8+ 45. Kd2 1/2-1/2

[Event "AUT-chT2W 1415"]
[Site "Austria"]
[Date "2014.10.11"]
[Round "2.6"]
[White "Riediger, Martin"]
[Black "Wuppinger, Manfred"]
[Result "1-0"]
[WhiteElo "2256"]
[BlackElo "2082"]
[PlyCount "97"]
[EventDate "2014.10.10"]
[EventType "team-tourn"]
[EventRounds "11"]
[EventCountry "AUT"]
[SourceTitle "EXT 2015"]
[Source "ChessBase"]
[SourceDate "2014.11.20"]
[SourceVersion "1"]
[SourceVersionDate "2014.11.20"]
[SourceQuality "1"]
[WhiteTeam "Ranshofen"]
[BlackTeam "Neumarkt"]
[WhiteTeamCountry "AUT"]
[BlackTeamCountry "AUT"]

1. Nf3 g6 2. d4 Bg7 3. c4 c6 4. Nc3 d5 5. Bf4 Nf6 6. e3 0-0 7. Rc1 Bg4 8. Qb3 Qb6 9. Nd2 Be6 10. c5 Qxb3 11. Nxb3 Nh5 12. Bg5 f6 13. Bh4 Bc8 14. Be2 g5 15. Bxg5 fxg5 16. Bxh5 e5 17. 0-0 exd4 18. Nxd4 Bxd4 19. exd4 Rf4 20. Rcd1 Rh4 21. Rfe1 Na6 22. Re8+ Kg7 23. Be2 Kf7 24. Re5 Kf6 25. Bxa6 Rxd4 26. Rxd5 Rxd5 27. Nxd5+ cxd5 28. Bb5 a6 29. Be2 Be6 30. Kf1 h6 31. Bf3 Rd8 32. h3 Rd7 33. Rc1 d4 34. c6 Rc7 35. cxb7 Rxc1+ 36. Bd1 Rc8 37. bxc8Q Bxc8 38. Bg4 Bb7 39. Bf3 Bc8 40. Bg4 Bb7 41. Bf3 Bc8 42. b4 Be6 43. a4 Bd7 44. Be2 Bxa4 45. Bxa6 Ke5 46. b5 d3 47. Ke1 Kd4 48. b6 Kc3 49. Bxd3 1-0

[Event "Neumarkt am Wallersee op 12th"]
[Site "Neumarkt am Wallersee"]
[Date "2013.08.31"]
[Round "8"]
[White "Wuppinger, Manfred"]
[Black "Stadler, Alexander"]
[Result "1-0"]
[WhiteElo "2115"]
[BlackElo "2088"]
[PlyCount "113"]
[EventDate "2013.08.24"]
[EventType "swiss"]
[EventRounds "9"]
[EventCountry "AUT"]
[SourceTitle "CBM 156 Extra"]
[Source "ChessBase"]
[SourceDate "2013.10.22"]
[SourceVersion "1"]
[SourceVersionDate "2013.10.22"]
[SourceQuality "1"]

1. e4 d6 2. d4 Nf6 3. Nc3 e5 4. dxe5 dxe5 5. Qxd8+ Kxd8 6. Bg5 Be6 7. 0-0-0+ Kc8 8. g3 Bb4 9. Bxf6 gxf6 10. Nd5 Bc5 11. Nxf6 Bxf2 12. Nf3 c6 13. Nxe5 h5 14. Kb1 Rh6 15. Ng8 Rh8 16. Ne7+ Kc7 17. Nd3 Bb6 18. Nf5 Nd7 19. Bg2 Rag8 20. Nh4 Kc8 21. Nf4 Bd8 22. Nxe6 Bxh4 23. Bh3 Be7 24. Nc5 Bxc5 25. Rxd7 Kb8 26. Bf5 h4 27. g4 f6 28. Rhd1 Be3 29. h3 Bg5 30. a4 Re8 31. b4 a6 32. R1d6 Rc8 33. c4 Rhe8 34. Kc2 Ka8 35. Kb3 Kb8 36. c5 Ka8 37. Kc4 Kb8 38. b5 cxb5+ 39. axb5 axb5+ 40. Kxb5 Re5 41. Rd5 Ree8 42. R7d6 Rc7 43. Kb6 Rc6+ 44. Rxc6 bxc6 45. Kxc6 Ka7 46. Rd3 Bc1 47. Rb3 Rd8 48. Be6 Bh6 49. Ra3+ Kb8 50. Kb6 Bc1 51. Ra2 Rd3 52. Bd5 Ba3 53. c6 Bd6 54. Ra8+ Kxa8 55. c7+ Rxd5 56. c8Q+ Bb8 57. Qb7# 1-0

[Event "Neumarkt am Wallersee op 12th"]
[Site "Neumarkt am Wallersee"]
[Date "2013.08.29"]
[Round "6"]
[White "Wuppinger, Manfred"]
[Black "Schwartz, Christian"]
[Result "1-0"]
[WhiteElo "2115"]
[BlackElo "2068"]
[PlyCount "123"]
[EventDate "2013.08.24"]
[EventType "swiss"]
[EventRounds "9"]
[EventCountry "AUT"]
[SourceTitle "CBM 156 Extra"]
[Source "ChessBase"]
[SourceDate "2013.10.22"]
[SourceVersion "1"]
[SourceVersionDate "2013.10.22"]
[SourceQuality "1"]

1. e4 g6 2. d4 Bg7 3. Nf3 d6 4. Be3 Nd7 5. Bc4 e6 6. Nc3 a6 7. Qd2 h6 8. Bd3 Ne7 9. h3 b6 10. Nh2 Bb7 11. f4 c5 12. Nf3 b5 13. a3 Bc6 14. 0-0 Qc7 15. b4 cxd4 16. Nxd4 Nb6 17. Rad1 Bd7 18. Nce2 Rc8 19. f5 gxf5 20. exf5 Bxd4 21. Bxd4 e5 22. f6 Ned5 23. Be3 Nxe3 24. Qxe3 Be6 25. Ng3 Nd5 26. Qf3 Qb6+ 27. Kh1 Ne3 28. Nf5 Bxf5 29. Bxf5 Rd8 30. Qh5 Qb7 31. Rf2 Nxd1 32. Qxd1 d5 33. Re2 Qc7 34. Qd4 e4 35. Re3 Rg8 36. Bxe4 dxe4 37. Qxe4+ Kf8 38. Qe7+ Qxe7 39. fxe7+ Ke8 40. exd8Q+ Kxd8 41. Rd3+ Ke7 42. Rc3 Kd6 43. Kg1 Rg6 44. Rf3 Ke6 45. g3 f5 46. Re3+ Kd5 47. Kf2 Rc6 48. c3 Rc4 49. Kf3 Kd6 50. Ke2 Kd5 51. Kd3 f4 52. Rf3 fxg3 53. Rxg3 Rh4 54. Kc2 Ke5 55. Kb3 Kd5 56. a4 Ke5 57. a5 Kf5 58. Re3 Rc4 59. Re8 Rc6 60. Rb8 Kg5 61. Rb6 Rc4 62. Rxa6 1-0

[Event "Neumarkt am Wallersee op 12th"]
[Site "Neumarkt am Wallersee"]
[Date "2013.08.27"]
[Round "4"]
[White "Wuppinger, Manfred"]
[Black "Jakob, Tobias"]
[Result "1-0"]
[WhiteElo "2115"]
[BlackElo "1724"]
[PlyCount "107"]
[EventDate "2013.08.24"]
[EventType "swiss"]
[EventRounds "9"]
[EventCountry "AUT"]
[SourceTitle "CBM 156 Extra"]
[Source "ChessBase"]
[SourceDate "2013.10.22"]
[SourceVersion "1"]
[SourceVersionDate "2013.10.22"]
[SourceQuality "1"]

1. g4 d5 2. Bg2 Bxg4 3. c4 c6 4. Qb3 Qd7 5. cxd5 Nf6 6. Nc3 cxd5 7. Nxd5 Nc6 8. Nxf6+ exf6 9. Qa4 Bc5 10. Bxc6 bxc6 11. Qc4 Bb6 12. Qe4+ Be6 13. Nf3 0-0 14. Rg1 Rfe8 15. Qh4 Kh8 16. b3 Bd5 17. Qg3 g6 18. Bb2 Qf5 19. Nh4 Qe6 20. e3 Kg8 21. Qf4 Bd8 22. Qh6 Be7 23. Qf4 c5 24. Nf5 Bf8 25. h4 Kh8 26. Ng3 Bg7 27. h5 g5 28. Qf5 h6 29. d3 Qxf5 30. Nxf5 Bf3 31. Rc1 Bxh5 32. Rxc5 Bg6 33. Kd2 Rec8 34. b4 Rxc5 35. Nxg7 Kxg7 36. bxc5 Rd8 37. Bd4 Bf5 38. Kc3 Kg6 39. e4 Bd7 40. f4 g4 41. f5+ Kg5 42. Be3+ Kh4 43. Bf4 Kh3 44. Rg3+ Kh4 45. Rg2 g3 46. Rxg3 h5 47. d4 Bb5 48. d5 a5 49. c6 Rc8 50. c7 Bd7 51. Kd4 Bb5 52. Ke3 Bc4 53. Rg1 Bxa2 54. Kf3 1-0

[Event "AUT-chT2M 9900"]
[Site "Austria"]
[Date "2000.02.12"]
[Round "8.4"]
[White "Winiwarter, Felix"]
[Black "Wuppinger, Manfred"]
[Result "1/2-1/2"]
[WhiteElo "2185"]
[BlackElo "2171"]
[PlyCount "38"]
[EventDate "1999.??.??"]
[EventType "team"]
[EventRounds "11"]
[EventCountry "AUT"]
[SourceTitle "EXT 2004"]
[Source "ChessBase"]
[SourceDate "2003.11.25"]
[SourceVersion "1"]
[SourceVersionDate "2003.11.25"]
[SourceQuality "1"]

1. e4 Nf6 2. e5 Nd5 3. d4 d6 4. Nf3 Nc6 5. Be2 Bf5 6. 0-0 dxe5 7. dxe5 Ndb4 8. Na3 Qxd1 9. Bxd1 0-0-0 10. Be3 Nd5 11. Bd2 e6 12. Nc4 Bc5 13. a3 Nb6 14. Nxb6+ Bxb6 15. Re1 Nd4 16. Bg5 Rd7 17. Nxd4 Bxd4 18. c3 Bb6 19. Ba4 c6 1/2-1/2

[Event "AUT-chT2W 9697"]
[Site "Austria"]
[Date "1997.??.??"]
[Round "9"]
[White "Hausner, Ivan"]
[Black "Wuppinger, Manfred"]
[Result "1-0"]
[WhiteElo "2430"]
[BlackElo "2210"]
[PlyCount "53"]
[EventDate "1996.??.??"]
[EventType "team"]
[EventRounds "11"]
[EventCountry "AUT"]
[SourceTitle "EXT 1998"]
[Source "ChessBase"]
[SourceDate "1997.11.17"]
[SourceVersion "1"]
[SourceVersionDate "1997.11.17"]
[SourceQuality "1"]

1. c4 Nf6 2. Nc3 e6 3. e4 Nc6 4. Nf3 d5 5. e5 d4 6. exf6 dxc3 7. bxc3 Qxf6 8. d4 h6 9. Bd3 Be7 10. 0-0 0-0 11. Re1 Bd6 12. Qe2 b6 13. Qe4 Qf5 14. Qxc6 Qxd3 15. Qxa8 Qxc3 16. Bd2 Qxc4 17. Qe4 f5 18. Qe2 Qd5 19. Qd1 Rf6 20. Qb3 Qb7 21. Bb4 Bf4 22. Rad1 a5 23. d5 exd5 24. Rxd5 Kh7 25. Rd8 axb4 26. Qg8+ Kg6 27. Qe8+ 1-0

[Event "AUT-chT2W 9697"]
[Site "Austria"]
[Date "1997.??.??"]
[Round "4"]
[White "Wuppinger, Manfred"]
[Black "Lawitsch, Guenther"]
[Result "0-1"]
[WhiteElo "2210"]
[BlackElo "2225"]
[PlyCount "55"]
[EventDate "1996.??.??"]
[EventType "team"]
[EventRounds "11"]
[EventCountry "AUT"]
[SourceTitle "EXT 1998"]
[Source "ChessBase"]
[SourceDate "1997.11.17"]
[SourceVersion "1"]
[SourceVersionDate "1997.11.17"]
[SourceQuality "1"]

1. e4 e5 2. Nf3 Nf6 3. Nc3 Bb4 4. d3 d5 5. exd5 Nxd5 6. Bd2 Bxc3 7. bxc3 Nc6 8. Be2 0-0 9. 0-0 Qd6 10. Qc1 Bg4 11. Qb2 Rfe8 12. Rae1 Rab8 13. Bd1 Nf6 14. Qb3 Be6 15. Qa4 e4 16. Nd4 Bd7 17. Be3 Ne5 18. Qb3 Neg4 19. g3 Nxe3 20. fxe3 exd3 21. cxd3 c5 22. Qa3 Rbd8 23. Nb3 Bh3 24. Rf2 Qxd3 25. Rd2 Qxc3 26. Rde2 Bg4 27. Qxc5 Qxc5 28. Nxc5 0-1

[Event "Werfen op-A"]
[Site "Werfen"]
[Date "1996.??.??"]
[Round "4"]
[White "Eberl, Hans Christian"]
[Black "Wuppinger, Manfred"]
[Result "0-1"]
[WhiteElo "1935"]
[BlackElo "2210"]
[PlyCount "127"]
[EventDate "1996.08.??"]
[EventType "swiss"]
[EventRounds "9"]
[EventCountry "AUT"]
[SourceTitle "EXT 2000"]
[Source "ChessBase"]
[SourceDate "1999.11.16"]
[SourceVersion "1"]
[SourceVersionDate "1999.11.16"]
[SourceQuality "1"]

1. e4 Nf6 2. Nc3 d5 3. e5 d4 4. exf6 dxc3 5. fxg7 cxd2+ 6. Bxd2 Bxg7 7. Qf3 Bxb2 8. Bc4 Bf6 9. Rd1 Qd4 10. Qb3 e6 11. Nf3 Qe4+ 12. Kf1 Rg8 13. h4 Qg4 14. Bg5 Bxg5 15. hxg5 Rxg5 16. Qd3 Nd7 17. Nxg5 Qxg5 18. Rxh7 Qf6 19. Qh3 Nf8 20. Rh6 Qe7 21. Qh4 Bd7 22. Qxe7+ Kxe7 23. Rh8 a6 24. f4 Bb5 25. Be2 Ra7 26. Rh5 Ba4 27. Rd2 Nd7 28. Rh3 Ra8 29. c4 Rg8 30. Ra3 Nc5 31. Bf3 b6 32. Re3 Bd7 33. g4 Kf6 34. Kf2 Bc8 35. Kg3 a5 36. Bc6 Ba6 37. Rd4 Bc8 38. Re5 Ke7 39. Rh5 Na6 40. Bf3 Nc5 41. Bc6 Rxg4+ 42. Kxg4 e5+ 43. Bd7 Nxd7 44. fxe5 Nf6+ 45. Kg5 Nxh5 46. Kxh5 Ke6 47. Rf4 Bd7 48. Kg5 Kxe5 49. Rxf7 Kd6 50. Rf4 Bc8 51. a3 Kc5 52. Rf7 c6 53. Kf6 Ba6 54. Ke5 Bxc4 55. Rf2 b5 56. Rb2 Bd3 57. Rd2 Kc4 58. Kd6 Be4 59. Re2 Bd5 60. Kc7 b4 61. axb4 axb4 62. Kb6 b3 63. Ka5 Kc3 64. Re3+ 0-1

[Event "Werfen op-A"]
[Site "Werfen"]
[Date "1995.??.??"]
[Round "4"]
[White "Piven, Igor"]
[Black "Wuppinger, Manfred"]
[Result "1/2-1/2"]
[WhiteElo "2365"]
[BlackElo "2235"]
[PlyCount "82"]
[EventDate "1995.09.??"]
[EventType "swiss"]
[EventRounds "9"]
[EventCountry "AUT"]
[SourceTitle "EXT 1997"]
[Source "ChessBase"]
[SourceDate "1996.11.15"]
[SourceVersion "1"]
[SourceVersionDate "1996.11.15"]
[SourceQuality "1"]

1. c4 e5 2. g3 c6 3. Bg2 Nf6 4. a3 Qb6 5. Nc3 h5 6. e3 d6 7. d4 h4 8. Nge2 hxg3 9. hxg3 Rxh1+ 10. Bxh1 Bh3 11. b4 Nbd7 12. Bd2 exd4 13. exd4 0-0-0 14. Qa4 Kb8 15. 0-0-0 Qc7 16. c5 a6 17. Qc2 Ka8 18. Nf4 Bg4 19. f3 Be6 20. Nxe6 fxe6 21. f4 dxc5 22. dxc5 Ng4 23. Ne4 Ndf6 24. Ng5 Qd7 25. Be1 Nd5 26. Qe4 Re8 27. Nf3 Be7 28. Qg6 Nge3 29. Ne5 Qc8 30. Rd3 Bf6 31. Qe4 Rh8 32. Bf3 Nf5 33. g4 Nh4 34. Bd1 g5 35. fxg5 Bxg5+ 36. Kb1 Qe8 37. Rh3 Bf6 38. Kc2 Ng2 39. Qxg2 Bxe5 40. Bd2 Qg6+ 41. Kc1 Rxh3 1/2-1/2

[Event "Werfen op-A"]
[Site "Werfen"]
[Date "1995.??.??"]
[Round "7"]
[White "Wuppinger, Manfred"]
[Black "Wichmann, Cliff"]
[Result "0-1"]
[WhiteElo "2235"]
[BlackElo "2205"]
[PlyCount "66"]
[EventDate "1995.09.??"]
[EventType "swiss"]
[EventRounds "9"]
[EventCountry "AUT"]
[SourceTitle "EXT 1997"]
[Source "ChessBase"]
[SourceDate "1996.11.15"]
[SourceVersion "1"]
[SourceVersionDate "1996.11.15"]
[SourceQuality "1"]

1. e4 e6 2. d4 d5 3. Nc3 Nf6 4. e5 Nfd7 5. f4 c5 6. Nf3 Nc6 7. Be3 a6 8. Be2 cxd4 9. Nxd4 Bc5 10. Na4 Qa5+ 11. c3 Be7 12. b4 Qc7 13. 0-0 b5 14. Nb2 g6 15. Bd3 Ncxe5 16. fxe5 Qxc3 17. Qf3 Nxe5 18. Qf4 f6 19. Nxe6 Bxe6 20. Bd4 Qxb4 21. Bxe5 fxe5 22. Qxe5 Kd7 23. a4 Bc5+ 24. Kh1 Bd4 25. Qf4 Raf8 26. Qh6 Bxb2 27. Rab1 Rxf1+ 28. Bxf1 bxa4 29. Qe3 Qb7 30. Rd1 Re8 31. Qc5 Rc8 32. Qa5 Qc6 33. Be2 Bc3 0-1

[Event "Werfen op-A"]
[Site "Werfen"]
[Date "1994.??.??"]
[Round "?"]
[White "Wuppinger, Manfred"]
[Black "Brandstaetter, Friedrich"]
[Result "1-0"]
[WhiteElo "2255"]
[BlackElo "2105"]
[PlyCount "121"]
[EventDate "1994.08.??"]
[EventType "swiss"]
[EventRounds "9"]
[EventCountry "AUT"]
[SourceTitle "EXT 1998"]
[Source "ChessBase"]
[SourceDate "1997.11.17"]
[SourceVersion "1"]
[SourceVersionDate "1997.11.17"]
[SourceQuality "1"]

1. e4 c5 2. c3 Nf6 3. e5 Nd5 4. d4 cxd4 5. Qxd4 e6 6. Nf3 Nc6 7. Qe4 d6 8. Bb5 Bd7 9. exd6 Bxd6 10. Qg4 Nf6 11. Qh4 Qc7 12. Be3 Nd5 13. Nbd2 Be7 14. Qh5 g6 15. Qh6 Bf8 16. Qh4 Nxe3 17. fxe3 Bg7 18. 0-0 0-0 19. Ng5 h6 20. Nge4 Qe5 21. Bd3 f5 22. Nc4 Qd5 23. Nf2 Ne5 24. Nxe5 Qxe5 25. Rae1 Qf6 26. Qg3 Bc6 27. Bc4 Kh7 28. h4 Rad8 29. Rd1 Qe7 30. Nh3 e5 31. Bb3 Bf6 32. h5 Rg8 33. Bxg8+ Rxg8 34. Qf2 gxh5 35. Qxf5+ Rg6 36. e4 Kg7 37. b4 Rg4 38. Qxf6+ Qxf6 39. Rxf6 Kxf6 40. Nf2 Rg7 41. Rd6+ Kg5 42. Nh3+ Kg4 43. Rf6 Kh4 44. Kh2 Bxe4 45. Rf2 Rg3 46. Re2 Bxg2 47. Ng1 Bc6 48. b5 Bxb5 49. Re4+ Kg5 50. Kxg3 Kf5 51. Rh4 Bc6 52. Nf3 Be8 53. Nd2 Ke6 54. Kf3 Kd5 55. Ke3 Bg6 56. Rb4 b6 57. Rb5+ Ke6 58. Nf3 e4 59. Nd2 h4 60. Nxe4 h3 61. Ng3 1-0